000 01159cab a2200349 4500
001 ABS48198
008 090401t1993 xxu||||| |||| 00| 0 eng d
035 _a(Sirsi) u65427
041 _aeng
245 _aRetail
260 _c1993
350 _a0
490 _aEstates Gazette
_v(9312) 27 March 1993, 55-97(19)
520 _aFocus on retail property including articles on shopping centres in Spain, American retail trends, calls for leasehold reform, the growth in retail parks and retail warehouses, the role of discount retailers, service charges and department stores. Includes a forecast of outlets to be acquired over the next two years.
650 _aALDI
650 _aBUSINESS TENANCIES
650 _aDEPARTMENT STORES
650 _aDISCOUNTERS
650 _aICELAND
650 _aKWIK SAVE
650 _aLEASE TERMS
650 _aLEASEHOLD REFORM
650 _aOUT OF TOWN RETAIL
650 _aRETAIL PARKS
650 _aRETAIL WAREHOUSES
650 _aSERVICE CHARGES
650 _aSHOPPING CENTRES
650 _aUSA
690 _aPROPERTY-COMMERCIAL PROPERTY-RETAIL PROPERTY
942 _n0
948 _c04/03/1997
999 _c40796
_d40796